[Event "Ruhrgebiet Verbandsklasse Gruppe 3 1819"]
[Site "Nordrheinwestfalen"]
[Date "2019.05.05"]
[Round "9.6"]
[White "Deckert, Frank"]
[Black "Stephan, Joerg"]
[Result "1-0"]
[WhiteElo "1880"]
[BlackElo "1738"]
[PlyCount "51"]
[EventDate "2018.09.23"]
[EventType "team-tourn"]
[EventRounds "9"]
[EventCountry "GER"]
[SourceTitle "EXT 2022"]
[Source "ChessBase"]
[SourceDate "2021.10.06"]
[SourceVersion "1"]
[SourceVersionDate "2021.10.06"]
[SourceQuality "1"]
[WhiteTeam "Brambauer"]
[BlackTeam "Witten"]
[WhiteTeamCountry "GER"]
[BlackTeamCountry "GER"]

1. d4 d5 2. Nf3 Nf6 3. e3 c6 4. Bd3 e6 5. 0-0 Bd6 6. Nbd2 Nbd7 7. Re1 0-0 8. e4 dxe4 9. Nxe4 Nxe4 10. Rxe4 Be7 11. a4 Re8 12. Ne5 Nxe5 13. dxe5 Qc7 14. Qh5 g6 15. Qe2 b6 16. a5 Bd7 17. h4 c5 18. h5 Bc6 19. hxg6 Bxe4 20. gxf7+ Kxf7 21. Bxe4 Kg8 22. Qg4+ Kh8 23. Bxa8 Qxe5 24. Be4 Rg8 25. Qf3 Rf8 26. Qc3 1-0

[Event "Ruhrgebiet VK3 0708"]
[Site "Germany"]
[Date "2008.01.20"]
[Round "5.6"]
[White "Stephan, Joerg"]
[Black "Budde, Uwe"]
[Result "1/2-1/2"]
[WhiteElo "1781"]
[BlackElo "1856"]
[PlyCount "31"]
[EventDate "2007.09.16"]
[EventType "team-tourn"]
[EventRounds "9"]
[EventCountry "GER"]
[SourceTitle "EXT 2009"]
[Source "ChessBase"]
[SourceDate "2008.11.26"]
[SourceVersion "1"]
[SourceVersionDate "2008.11.26"]
[SourceQuality "1"]
[WhiteTeam "Witten"]
[BlackTeam "Boenen SV"]
[WhiteTeamCountry "GER"]
[BlackTeamCountry "GER"]

1. d4 Nf6 2. Nf3 d6 3. c4 Nbd7 4. Nc3 e5 5. d5 a5 6. e4 Be7 7. Be2 Nc5 8. Qc2 0-0 9. Be3 b6 10. h3 h6 11. 0-0-0 Nh7 12. Nd2 Bg5 13. Bxg5 Qxg5 14. g4 Qf4 15. f3 Bd7 16. Kb1 1/2-1/2

[Event "Ruhrgebiet VK2 0405"]
[Site "Ruhrgebiet"]
[Date "2005.01.30"]
[Round "6.7"]
[White "Heyden, Jonas"]
[Black "Stephan, Joerg"]
[Result "1-0"]
[WhiteElo "1823"]
[BlackElo "1795"]
[PlyCount "61"]
[EventDate "2004.09.12"]
[EventType "team-tourn"]
[EventRounds "9"]
[EventCountry "GER"]
[SourceTitle "EXT 2006"]
[Source "ChessBase"]
[SourceDate "2005.11.24"]
[SourceVersion "1"]
[SourceVersionDate "2005.11.24"]
[SourceQuality "1"]
[WhiteTeam "Brackel III"]
[BlackTeam "Witten"]
[WhiteTeamCountry "GER"]
[BlackTeamCountry "GER"]

1. e4 c5 2. Nf3 Nc6 3. d4 cxd4 4. Nxd4 Nf6 5. Nc3 e5 6. Ndb5 d6 7. Bg5 a6 8. Na3 b5 9. Nd5 Be7 10. Nxe7 Qxe7 11. Bd3 0-0 12. 0-0 h6 13. Bh4 Be6 14. c4 Nd4 15. cxb5 g5 16. Bg3 Qb7 17. f3 axb5 18. Nc2 Nxc2 19. Bxc2 Rfd8 20. Bb3 Qe7 21. Bxe6 Qxe6 22. b3 d5 23. exd5 Nxd5 24. Qe2 Nc3 25. Qc2 Rac8 26. Rfe1 f6 27. Qg6+ Kh8 28. Bxe5 Qxe5 29. Rxe5 fxe5 30. Qxh6+ Kg8 31. Qxg5+ 1-0

[Event "Ruhrgebiet VK2 0405"]
[Site "Ruhrgebiet"]
[Date "2004.11.07"]
[Round "3.7"]
[White "Kiryk, Ralf"]
[Black "Stephan, Joerg"]
[Result "1-0"]
[WhiteElo "1912"]
[BlackElo "1795"]
[PlyCount "117"]
[EventDate "2004.09.12"]
[EventType "team-tourn"]
[EventRounds "9"]
[EventCountry "GER"]
[SourceTitle "EXT 2006"]
[Source "ChessBase"]
[SourceDate "2005.11.24"]
[SourceVersion "1"]
[SourceVersionDate "2005.11.24"]
[SourceQuality "1"]
[WhiteTeam "Horst II"]
[BlackTeam "Witten"]
[WhiteTeamCountry "GER"]
[BlackTeamCountry "GER"]

1. d4 d5 2. Bg5 Nd7 3. e3 Ngf6 4. Nd2 e6 5. Bd3 c6 6. Ngf3 Qa5 7. c3 Bd6 8. 0-0 0-0 9. Bc2 Re8 10. c4 Qc7 11. Rc1 h6 12. Bh4 Ng4 13. h3 Nh2 14. Re1 Nxf3+ 15. Qxf3 Be7 16. Bxe7 Rxe7 17. Bb3 Nf6 18. Red1 a5 19. a4 Qd6 20. Bc2 e5 21. cxd5 Qxd5 22. dxe5 Qxe5 23. Nc4 Qc7 24. b3 Be6 25. Rd4 Bxc4 26. bxc4 Rd8 27. Rcd1 Rxd4 28. Rxd4 Rd7 29. Qf5 Rxd4 30. exd4 b6 31. g3 Qd7 32. Qe5 Qd8 33. Kg2 g6 34. Bd1 c5 35. d5 Ne8 36. Bc2 Nd6 37. Bd3 Ne8 38. h4 h5 39. f3 Nd6 40. g4 hxg4 41. fxg4 Qd7 42. Kf3 Qd8 43. Kg3 Qc7 44. Kf3 Qd8 45. h5 gxh5 46. gxh5 Qh4 47. Qxd6 Qxh5+ 48. Kf2 Qh1 49. Qe5 Qc1 50. d6 Qd2+ 51. Be2 f5 52. Qd5+ Qxd5 53. cxd5 Kf7 54. Kf3 Ke8 55. Bb5+ Kd8 56. Kf4 c4 57. Bxc4 Kd7 58. Ke5 f4 59. Bb5+ 1-0

[Event "Ruhrgebiet VK1 0304"]
[Site "Ruhrgebiet"]
[Date "2003.09.28"]
[Round "1.8"]
[White "Engelberg, Michael"]
[Black "Stephan, Joerg"]
[Result "1/2-1/2"]
[WhiteElo "1797"]
[BlackElo "1808"]
[PlyCount "34"]
[EventDate "2003.09.28"]
[EventType "team-tourn"]
[EventRounds "9"]
[EventCountry "GER"]
[SourceTitle "EXT 2007"]
[Source "ChessBase"]
[SourceDate "2006.11.23"]
[SourceVersion "1"]
[SourceVersionDate "2006.11.23"]
[SourceQuality "1"]
[WhiteTeam "Bochum SV 02 II"]
[BlackTeam "Witten"]
[WhiteTeamCountry "GER"]
[BlackTeamCountry "GER"]

1. e4 c5 2. Nf3 Nc6 3. Nc3 Nf6 4. d4 cxd4 5. Nxd4 e5 6. Nb3 Bb4 7. Bd3 d5 8. exd5 Nxd5 9. Bd2 Nxc3 10. bxc3 Bd6 11. 0-0 Qc7 12. h3 Be6 13. Re1 0-0-0 14. Rb1 f5 15. Bb5 Ne7 16. Qc1 Rhf8 17. Qb2 Bd7 1/2-1/2